|
|
|
|
| LEADER |
00000nam0a2200000 4500 |
| 001 |
105763 |
| 005 |
20231031114619.0 |
| 035 |
|
|
|a (RuTPU)RU\TPU\book\114123
|
| 090 |
|
|
|a 105763
|
| 100 |
|
|
|a 20061121d1973 m y0rusy50 ca
|
| 101 |
0 |
|
|a rus
|
| 102 |
|
|
|a RU
|
| 105 |
|
|
|a a z 101zy
|
| 200 |
1 |
|
|a Литология и осадочные полезные ископаемые докембрия Сибири и дальнего Востока
|e материалы V111 совещания Сибирского отделения Комиссии по осадочным породам при Отделении геологии, геохимии и геофизики АН СССР
|f Сибирский научно-исследовательский институт геологии, геофизики и минерального сырья; под ред. Ю. П. Казанского
|
| 210 |
|
|
|a Новосибирск
|c Институт геологии и геофизики СО АН СССР
|d 1973
|
| 215 |
|
|
|a 194 с.
|c черт.
|
| 320 |
|
|
|a Библиогр. в конце докл.
|
| 610 |
1 |
|
|a литология
|
| 610 |
1 |
|
|a полезные ископаемые
|
| 610 |
1 |
|
|a докембрий
|
| 610 |
1 |
|
|a Сибирь
|
| 610 |
1 |
|
|a Дальний Восток
|
| 610 |
1 |
|
|a совещания
|
| 610 |
1 |
|
|a геология
|
| 675 |
|
|
|a 552.5
|v 3
|
| 675 |
|
|
|a 553.3/4
|v 3
|
| 675 |
|
|
|a 551.72
|v 3
|
| 702 |
|
1 |
|a Казанский
|b Ю. П.
|4 340
|
| 712 |
0 |
2 |
|a Сибирский научно-исследовательский институт геологии, геофизики и минерального сырья
|
| 801 |
|
1 |
|a RU
|b 63413507
|c 20061121
|g PSBO
|
| 801 |
|
2 |
|a RU
|b 63413507
|c 20070319
|g PSBO
|
| 942 |
|
|
|c BK
|